O artista cão (Registo nº 6025)
[ vista simples ]
| 000 -Etiqueta do registo | |
|---|---|
| Valores | 00822cam a2200265 4500 |
| 010 ## - Número ISBN | |
| ISBN | 9722106090 |
| 021 ## - Número do Depósito Legal | |
| Número | 48126/91 |
| 100 ## - Dados gerais de processamento | |
| Dados gerais | 20211231d1991 c||y0pory5003 ba |
| 200 1# - Titulo e menção de responsabilidade | |
| Título próprio | O artista cão |
| Informação de outro título | uma aventura de Lulu e Banané |
| Primeira menção de responsabilidade | Lionel Koechlin |
| Outras menções de responsabilidade | il. Annette Tamarkin Hatwell |
| -- | trad. José Oliveira |
| 210 #9 - Publicação | |
| Local de publicação | Lisboa |
| Nome do editor | Caminho, |
| Data de publicação | 1991 |
| 215 ## - Descrição física | |
| Paginação / Volumes | [24] p. |
| Outras indicações físicas | il. |
| Dimensões | 25 cm |
| 225 2# - Colecção | |
| Título próprio da colecção | Começo a ler |
| 304 ## - Nota relativa ao título | |
| Texto de nota | T�it. orig. : L'artiste chien |
| 606 ## - Nome comum usado como assunto | |
| ID Autoridade | 14 |
| Palavra de ordem | Literatura infantil |
| 606 ## - Nome comum usado como assunto | |
| ID Autoridade | 13 |
| Palavra de ordem | Literatura Estrangeira |
| 675 ## - CDU | |
| Notação | 82-93 |
| Edição | BN |
| Língua | por |
| 675 ## - CDU | |
| Notação | 821.1/.8 |
| Edição | BN |
| Língua | por |
| 700 ## - Autor principal (pessoa individual) | |
| Apelido | Koechlin |
| Nome | Lionel |
| Datas | 1948- |
| ID Autoridade | 5713 |
| 702 ## - Autor secundário (pessoa individual) | |
| Apelido | Hatwell |
| Nome | Annette Tamarkin |
| ID Autoridade | 5714 |
| 702 #1 - Autor secundário (pessoa individual) | |
| Apelido | Oliveira, |
| Nome | José |
| 801 #0 - Fonte de origem | |
| País | PT |
| Agência | BMVN |
| Regras de catalogação | RPC |
| 830 ## - Notas gerais do catalogador | |
| Criado por | Ana Caetano |
| Data de criação | 31/12/2021 |
| 990 ## - Elementos KOHA | |
| Tipo de documento | Livro |
| Situação do levantamento | Biblioteca de origem | Código de barras | Cota | Permissão de empréstimo | Tipo de documento | Forma de aquisição |
|---|---|---|---|---|---|---|
| Biblioteca Municipal de Vendas Novas | 100000015096 | LI EST/KOE | Livro |